Most Dangerous Countries - Statistics

General Stats
  • This quiz has been taken 74 times
  • The average score is 17 of 25
Answer Stats
# Country % Correct
1 Syria
96%
2 Afghanistan
90%
4 Iraq
88%
5 Somalia
87%
11 Russia
82%
12 Nigeria
81%
9 Pakistan
79%
6 Sudan
79%
19 India
76%
16 Yemen
76%
10 North Korea
73%
7 Central African Republic
72%
8 Democratic Republic of the Congo
72%
14 Israel
72%
3 South Sudan
72%
20 Egypt
67%
17 Lebanon
64%
21 Chad
63%
22 Ukraine
61%
24 Ethiopia
60%
13 Colombia
58%
25 Mexico
55%
15 Zimbabwe
51%
23 Cote d'Ivoire
30%
18 Guinea Bissau
24%
No matching quizzes found
Score Distribution
Percent of People with Each Score
Percentile by Number Answered
Your Score History
You have not taken this quiz